Statistics for Questions about WW2

Click here to take the quiz!

General Stats

  • This quiz has been taken 109 times
  • The average score is 5 of 8

Answer Stats

QuestionAnswer% Correct
Which country started World War 2?Germany
100%
Which country wanted to invade Europe?Germany
100%
When did World War 2 end?1945
95%
When did World War 2 start?1939
94%
Who was the leader of the Soviet in World War 2?Joseph Stalin
58%
Who wanted to invade Europe?Adolf Hitler
39%
Who decided to bomb Hiroshima and Nagasaki?Harry S. Truman
10%
How did World War 2 end?Germany surrenders
0%

Score Distribution

Percentile by Number Answered

Percent of People with Each Score

Your Score History

You have not taken this quiz